Science Quiz

Random Science or Chemistry Quiz

Reversible Elements Quiz Stats

 Plays Quiz Updated Nov 30, 2016

Challenge
Share
Tweet
Embed
Score 0/13 Timer 03:00
1 Play Today
Symbols % Correct
Ar & Ra
76.2%
Ag & Ga
74.9%
Ac & Ca
72.8%
Al & La
64.2%
In & Ni
54%
At & Ta
53.9%
Es & Se
48.1%
Br & Rb
46.7%
Er & Re
45.8%
Cs & Sc
34.8%
Fr & Rf
29.2%
Cm & Mc
22.8%
Mt & Tm
15.9%

You're not logged in!

Compare scores with friends on all Sporcle quizzes.
OR
Log In

You Might Also Like...

Show Comments

Extras

Top Quizzes Today


Score Distribution

Your Account Isn't Verified!

In order to create a playlist on Sporcle, you need to verify the email address you used during registration. Go to your Sporcle Settings to finish the process.

Report this User

Report this user for behavior that violates our Community Guidelines.

Details: